[Event "Shropshire Open"]
[Site "Telford"]
[Date "2025.01.03"]
[Round "1.1"]
[White "Sygnowski, Tomasz"]
[Black "Faustino, Tiago"]
[Result "1-0"]
[WhiteElo "2247"]
[BlackElo "1981"]
[PlyCount "89"]
[EventDate "2025.01.03"]
[EventType "swiss"]
[EventRounds "5"]
[EventCountry "ENG"]
[SourceTitle "BritBase"]
[Source "John Saunders"]
[SourceDate "2025.01.09"]
[SourceVersion "1"]
[SourceVersionDate "2025.01.09"]
[SourceQuality "1"]

1. e4 c6 2. d4 d5 3. exd5 cxd5 4. Nf3 Nf6 5. Bd3 Bg4 6. O-O e6 7. Bg5 Be7 8. Nbd2 Nc6 9. c3 Qc7 10. Qa4 O-O 11. Ne5 Bf5 12. Rfe1 Bxd3 13. Nxd3 Ng4 14. Bf4 Bd6 15. Bxd6 Qxd6 16. f4 Rfe8 17. Ne5 Nf6 18. Re3 Ne7 19. g4 Nxg4 20. Nxg4 Qxf4 21. h3 h5 22. Rf1 Qd6 23. Ne5 f6 24. Nd3 h4 25. Rf4 Kf8 26. Qb4 Qxb4 27. Nxb4 Nf5 28. Re1 Rad8 29. Nd3 g5 30. Rf2 Kf7 31. Nf1 b6 32. Ne3 Nd6 33. Ng4 f5 34. Nde5+ Kg7 35. Ne3 Ne4 36. Rc2 Rc8 37. Kh2 Kh6 38. Rec1 b5 39. b3 Rc7 40. c4 dxc4 41. bxc4 Rd8 42. d5 bxc4 43. dxe6 Rd2+ 44. Rxd2 Nxd2 45. e7 1-0

[Event "Shropshire Open"]
[Site "Telford"]
[Date "2025.01.03"]
[Round "1.2"]
[White "Zabrocki, Philip AM"]
[Black "Kett, Timothy"]
[Result "1/2-1/2"]
[WhiteElo "1980"]
[BlackElo "2185"]
[PlyCount "27"]
[EventDate "2025.01.03"]
[EventType "swiss"]
[EventRounds "5"]
[EventCountry "ENG"]
[SourceTitle "BritBase"]
[Source "John Saunders"]
[SourceDate "2025.01.09"]
[SourceVersion "1"]
[SourceVersionDate "2025.01.09"]
[SourceQuality "1"]

1. e4 e5 2. f4 exf4 3. Nf3 g5 4. Nc3 Bg7 5. d4 g4 6. Bxf4 gxf3 7. Qxf3 Nc6 8. Bc4 Qf6 9. e5 Nxd4 10. exf6 Nxf3+ 11. gxf3 Nxf6 12. Rg1 O-O 13. Bxc7 d5 14. Nxd5 1/2-1/2

[Event "Shropshire Open"]
[Site "Telford"]
[Date "2025.01.03"]
[Round "1.3"]
[White "Paul, Nathanael"]
[Black "Stern, Robert C"]
[Result "1-0"]
[WhiteElo "2158"]
[BlackElo "1958"]
[PlyCount "73"]
[EventDate "2025.01.03"]
[EventType "swiss"]
[EventRounds "5"]
[EventCountry "ENG"]
[SourceTitle "BritBase"]
[Source "John Saunders"]
[SourceDate "2025.01.09"]
[SourceVersion "1"]
[SourceVersionDate "2025.01.09"]
[SourceQuality "1"]

1. c4 f5 2. Nc3 Nf6 3. g3 e5 4. Bg2 Nc6 5. e3 Be7 6. Nge2 O-O 7. O-O Kh8 8. d4 d6 9. a3 a5 10. b3 Qe8 11. Bb2 Qf7 12. Nd5 Bd8 13. Nec3 Ne7 14. Nxf6 Qxf6 15. dxe5 dxe5 16. Nd5 Qe6 17. f4 e4 18. Qd4 Rg8 19. g4 Nxd5 20. cxd5 Qf6 21. Qd2 Qf7 22. g5 Be7 23. Rac1 Bd6 24. Kf2 Qe7 25. Ra1 c6 26. Rfd1 cxd5 27. Qxd5 Bc5 28. Rdc1 Bb6 29. Qb5 Qd7 30. Bxg7+ Rxg7 31. Qxb6 Qd2+ 32. Kg1 Rd7 33. Rd1 Qxd1+ 34. Rxd1 Rxd1+ 35. Kf2 Ra6 36. Qc5 Rc6 37. Qf8# 1-0

[Event "Shropshire Open"]
[Site "Telford"]
[Date "2025.01.03"]
[Round "1.4"]
[White "Gardiner, Harry"]
[Black "Ferrington, Nigel M"]
[Result "0-1"]
[WhiteElo "1914"]
[BlackElo "2149"]
[PlyCount "36"]
[EventDate "2025.01.03"]
[EventType "swiss"]
[EventRounds "5"]
[EventCountry "ENG"]
[SourceTitle "BritBase"]
[Source "John Saunders"]
[SourceDate "2025.01.09"]
[SourceVersion "1"]
[SourceVersionDate "2025.01.09"]
[SourceQuality "1"]

1. d4 Nf6 2. c4 g6 3. h4 Bg7 4. Nc3 d6 5. e4 Nc6 6. Be2 e5 7. d5 Nd4 8. Be3 Nxe2 9. Qxe2 Ng4 10. h5 Nxe3 11. Qxe3 a6 12. Qg3 Qf6 13. Nge2 Bh6 14. O-O gxh5 15. f4 h4 16. Qf3 Rg8 17. Kh2 Bg4 18. fxe5 Qxe5+ 0-1

[Event "Shropshire Open"]
[Site "Telford"]
[Date "2025.01.03"]
[Round "1.5"]
[White "McCumiskey, Andrew P"]
[Black "Hollands, David"]
[Result "1-0"]
[WhiteElo "2130"]
[BlackElo "1901"]
[PlyCount "53"]
[EventDate "2025.01.03"]
[EventType "swiss"]
[EventRounds "5"]
[EventCountry "ENG"]
[SourceTitle "BritBase"]
[Source "John Saunders"]
[SourceDate "2025.01.09"]
[SourceVersion "1"]
[SourceVersionDate "2025.01.09"]
[SourceQuality "1"]

1. d4 g6 2. Nc3 Bg7 3. Bf4 d6 4. e3 b6 5. Qf3 c6 6. Bc4 Nf6 7. e4 b5 8. Bd3 Nh5 9. Be3 b4 10. Nce2 e5 11. Nh3 Qf6 12. Ng5 Qxf3 13. Nxf3 Bg4 14. dxe5 Bxf3 15. gxf3 Bxe5 16. O-O-O Nd7 17. f4 Bg7 18. Bc4 Nc5 19. Rxd6 Nxe4 20. Rxc6 O-O 21. Rd1 a5 22. Rd7 Nhf6 23. Re7 Rae8 24. Ra7 Ra8 25. Bxf7+ Kh8 26. Rxa8 Rxa8 27. f3 1-0

[Event "Shropshire Open"]
[Site "Telford"]
[Date "2025.01.03"]
[Round "1.6"]
[White "Van Kemenade, Rudy"]
[Black "Surtees, Michael J"]
[Result "0-1"]
[WhiteElo "1905"]
[BlackElo "2116"]
[PlyCount "84"]
[EventDate "2025.01.03"]
[EventType "swiss"]
[EventRounds "5"]
[EventCountry "ENG"]
[SourceTitle "BritBase"]
[Source "John Saunders"]
[SourceDate "2025.01.09"]
[SourceVersion "1"]
[SourceVersionDate "2025.01.09"]
[SourceQuality "1"]

1. e4 c6 2. d4 d5 3. e5 Bf5 4. Nc3 Qb6 5. Nf3 Bg4 6. Be2 e6 7. O-O Ne7 8. Na4 Qc7 9. b3 Nf5 10. c4 dxc4 11. bxc4 Nd7 12. c5 O-O-O 13. Bg5 f6 14. exf6 gxf6 15. Be3 Rg8 16. Qb3 Bh3 17. Bg5 Re8 18. gxh3 fxg5 19. Bc4 Rg6 20. Rfe1 g4 21. hxg4 Rxg4+ 22. Kf1 Nxd4 23. Nxd4 Rxd4 24. Bxe6 Kb8 25. Bxd7 Rxe1+ 26. Rxe1 Qxd7 27. Qf3 Bh6 28. Re4 Rxe4 29. Qxe4 Qd1+ 30. Kg2 Qd5 31. Nc3 Qxe4+ 32. Nxe4 Bf4 33. h4 Kc7 34. Kf3 Bc1 35. Kg4 b5 36. cxb6+ axb6 37. f4 c5 38. f5 c4 39. f6 Kd7 40. Kf5 Bb2 41. f7 Ke7 42. Nd6 c3 0-1

[Event "Shropshire Open"]
[Site "Telford"]
[Date "2025.01.03"]
[Round "1.8"]
[White "Pink, Joshua"]
[Black "Morrison, Joseph"]
[Result "0-1"]
[WhiteElo "2081"]
[BlackElo "1865"]
[PlyCount "60"]
[EventDate "2025.01.03"]
[EventType "swiss"]
[EventRounds "5"]
[EventCountry "ENG"]
[SourceTitle "BritBase"]
[Source "John Saunders"]
[SourceDate "2025.01.09"]
[SourceVersion "1"]
[SourceVersionDate "2025.01.09"]
[SourceQuality "1"]

1. e4 c6 2. d4 d5 3. e5 c5 4. dxc5 Nc6 5. c3 Nxe5 6. Bf4 Ng6 7. Bg3 Nf6 8. Nf3 e6 9. b4 Bd7 10. Na3 Ne4 11. Bd3 f5 12. Be5 Nxe5 13. Nxe5 Qf6 14. Nxd7 Qxc3+ 15. Kf1 Kxd7 16. Bxe4 fxe4 17. Qa4+ Ke7 18. Rd1 a5 19. Qb5 Qxb4 20. Rb1 Qxa3 21. Qxb7+ Kf6 22. Rb3 Qc1+ 23. Ke2 Qc2+ 24. Ke3 Bxc5+ 25. Kf4 Qd2+ 26. Kg4 h5+ 27. Kh3 g5 28. f4 Qxf4 29. g3 g4+ 30. Kg2 Qf2# 0-1

[Event "Shropshire Open"]
[Site "Telford"]
[Date "2025.01.03"]
[Round "1.8"]
[White "Tarr, Stephen F"]
[Black "Fleming, Nigel D"]
[Result "0-1"]
[WhiteElo "1801"]
[BlackElo "2078"]
[PlyCount "50"]
[EventDate "2025.01.03"]
[EventType "swiss"]
[EventRounds "5"]
[EventCountry "ENG"]
[SourceTitle "BritBase"]
[Source "John Saunders"]
[SourceDate "2025.01.09"]
[SourceVersion "1"]
[SourceVersionDate "2025.01.09"]
[SourceQuality "1"]

1. d4 Nf6 2. Bf4 e6 3. e3 c5 4. c3 d5 5. Nd2 Nc6 6. Bd3 Bd6 7. Bg3 e5 8. dxe5 Nxe5 9. Bxe5 Bxe5 10. Ngf3 Bc7 11. Bb5+ Kf8 12. O-O h5 13. c4 a6 14. Ba4 dxc4 15. e4 b5 16. e5 Ng4 17. Bc2 Nxe5 18. Nxe5 Bxe5 19. Nf3 Bd4 20. Ne5 Bb7 21. Re1 Qg5 22. Nd7+ Kg8 23. g3 Qd5 24. Be4 Qxd7 25. Qe2 Re8 0-1

[Event "Shropshire Open"]
[Site "Telford"]
[Date "2025.01.03"]
[Round "1.9"]
[White "Clark, Robert G"]
[Black "Sullivan, Luke"]
[Result "1/2-1/2"]
[WhiteElo "2042"]
[BlackElo "1675"]
[PlyCount "82"]
[EventDate "2025.01.03"]
[EventType "swiss"]
[EventRounds "5"]
[EventCountry "ENG"]
[SourceTitle "BritBase"]
[Source "John Saunders"]
[SourceDate "2025.01.09"]
[SourceVersion "1"]
[SourceVersionDate "2025.01.09"]
[SourceQuality "1"]

1. c4 Nf6 2. g3 g6 3. Bg2 Bg7 4. Nf3 d6 5. O-O O-O 6. Nc3 e5 7. d3 c5 8. Rb1 Nc6 9. a3 Rb8 10. b4 b6 11. Bd2 Bb7 12. e3 Re8 13. b5 Ne7 14. e4 Nd7 15. Qc1 Nf8 16. a4 Ne6 17. Ne2 Qc7 18. Ra1 f5 19. Ng5 Nxg5 20. Bxg5 a5 21. bxa6 Bc8 22. Nc3 Nc6 23. Nd5 Qf7 24. exf5 Nd4 25. fxg6 hxg6 26. Ra2 Bxa6 27. Be3 Nf5 28. Qd1 e4 29. Bxe4 Bxc4 30. dxc4 Rxe4 31. Qd3 Qe6 32. Rc1 Nxe3 33. fxe3 Qg4 34. Rf2 Rbe8 35. Rf4 Rxf4 36. Nxf4 Rxe3 37. Qxd6 Bd4 38. Qd5+ Kg7 39. Kg2 g5 40. Qb7+ Kg8 41. Qd5+ Kg7 1/2-1/2

[Event "Shropshire Open"]
[Site "Telford"]
[Date "2025.01.03"]
[Round "1.10"]
[White "Van Kemenade, Julie"]
[Black "De Coverly, Roger D"]
[Result "0-1"]
[WhiteElo "1618"]
[BlackElo "1997"]
[PlyCount "108"]
[EventDate "2025.01.03"]
[EventType "swiss"]
[EventRounds "5"]
[EventCountry "ENG"]
[SourceTitle "BritBase"]
[Source "John Saunders"]
[SourceDate "2025.01.09"]
[SourceVersion "1"]
[SourceVersionDate "2025.01.09"]
[SourceQuality "1"]

1. e4 e5 2. Nf3 Nc6 3. Bb5 a6 4. Ba4 Nf6 5. d3 b5 6. Bb3 Be7 7. Nbd2 O-O 8. O-O d6 9. c3 Na5 10. Bc2 c5 11. Re1 Re8 12. Nf1 h6 13. h3 Bf8 14. Ng3 Nc6 15. Nh4 d5 16. Qe2 Nxe4 17. dxe4 Qxh4 18. exd5 Nd8 19. b3 Nb7 20. c4 Nd6 21. Ne4 Nxe4 22. Qxe4 Qxe4 23. Bxe4 f5 24. Bc2 Bd7 25. Bb2 Bd6 26. Re2 Rab8 27. Rae1 e4 28. Bc1 bxc4 29. bxc4 Rb4 30. Bb3 Rbb8 31. Bb2 Re7 32. Bc3 Rbe8 33. Bc2 Kf7 34. Rb1 Rb8 35. Rbe1 g5 36. f3 Bg3 37. Rf1 exf3 38. Rxe7+ Kxe7 39. Rxf3 f4 40. Rf1 h5 41. Bg6 g4 42. hxg4 Bxg4 43. Be5 Rf8 44. Rb1 h4 45. Rb7+ Bd7 46. Be4 a5 47. Rb6 Kd8 48. Kf1 Re8 49. Rb8+ Bc8 50. Bf5 Rxe5 51. Rxc8+ Ke7 52. d6+ Kxd6 53. Rd8+ Ke7 54. Rd7+ Kf6 0-1

[Event "Shropshire Open"]
[Site "Telford"]
[Date "2025.01.04"]
[Round "2.1"]
[White "Surtees, Michael J"]
[Black "Sygnowski, Tomasz"]
[Result "0-1"]
[WhiteElo "2116"]
[BlackElo "2247"]
[PlyCount "78"]
[EventDate "2025.01.03"]
[EventType "swiss"]
[EventRounds "5"]
[EventCountry "ENG"]
[SourceTitle "BritBase"]
[Source "John Saunders"]
[SourceDate "2025.01.09"]
[SourceVersion "1"]
[SourceVersionDate "2025.01.09"]
[SourceQuality "1"]

1. e4 e6 2. a3 d5 3. e5 c5 4. b4 Nc6 5. f4 cxb4 6. axb4 Bxb4 7. c3 Be7 8. d4 Nh6 9. Bd3 O-O 10. Nf3 Bd7 11. Qe2 Rb8 12. Na3 Na5 13. Qc2 g6 14. O-O b5 15. Qa2 Qc7 16. Bd2 Rb7 17. Nb1 Nc4 18. Bc1 a5 19. Bxc4 bxc4 20. Ba3 Bxa3 21. Qxa3 a4 22. Nbd2 Nf5 23. Kf2 h5 24. g3 Rfb8 25. Rfb1 Bb5 26. Rb2 Ne7 27. h3 Nc6 28. g4 hxg4 29. hxg4 Qe7 30. Nb1 Qf8 31. Raa2 Qh6 32. Kg3 Qh1 33. Qc5 Kg7 34. Na3 Rh8 35. Rh2 Rxh2 36. Rxh2 Qa1 37. Rh8 Ne7 38. Ra8 Bc6 39. Qd6 Rd7 0-1

[Event "Shropshire Open"]
[Site "Telford"]
[Date "2025.01.04"]
[Round "2.2"]
[White "Fleming, Nigel D"]
[Black "Paul, Nathanael"]
[Result "0-1"]
[WhiteElo "2078"]
[BlackElo "2158"]
[PlyCount "78"]
[EventDate "2025.01.03"]
[EventType "swiss"]
[EventRounds "5"]
[EventCountry "ENG"]
[SourceTitle "BritBase"]
[Source "John Saunders"]
[SourceDate "2025.01.09"]
[SourceVersion "1"]
[SourceVersionDate "2025.01.09"]
[SourceQuality "1"]

1. e4 c6 2. d4 d5 3. exd5 cxd5 4. Bd3 Nc6 5. c3 Qc7 6. Ne2 Bg4 7. O-O Nf6 8. Qe1 e6 9. Bg5 Bd6 10. f3 Bh5 11. Qh4 Bg6 12. Bxg6 fxg6 13. Bxf6 gxf6 14. Qxf6 Kd7 15. c4 Bxh2+ 16. Kh1 Raf8 17. Qh4 Bd6 18. cxd5 exd5 19. Nbc3 Rf5 20. g4 Rf7 21. Nxd5 Qa5 22. Nf6+ Kc8 23. Ne4 Bc7 24. Kg2 Kb8 25. a3 Qd5 26. Rac1 Nxd4 27. Rc5 Nxf3 28. Qf6 Ne1+ 29. Kg1 Rxf6 30. Rxd5 Bh2+ 31. Kxh2 Rxf1 32. Rd7 Rhf8 33. Nd4 R1f7 34. Nc5 Kc8 35. Rd5 Nf3+ 36. Nxf3 Rxf3 37. Ne6 Re8 38. Nd4 Rf2+ 39. Kg3 Rxb2 0-1

[Event "Shropshire Open"]
[Site "Telford"]
[Date "2025.01.04"]
[Round "2.3"]
[White "Ferrington, Nigel M"]
[Black "De Coverly, Roger D"]
[Result "1/2-1/2"]
[WhiteElo "2149"]
[BlackElo "1997"]
[PlyCount "66"]
[EventDate "2025.01.03"]
[EventType "swiss"]
[EventRounds "5"]
[EventCountry "ENG"]
[SourceTitle "BritBase"]
[Source "John Saunders"]
[SourceDate "2025.01.09"]
[SourceVersion "1"]
[SourceVersionDate "2025.01.09"]
[SourceQuality "1"]

1. c4 Nf6 2. g3 g6 3. Bg2 Bg7 4. Nc3 O-O 5. e4 d6 6. Nge2 e5 7. O-O c6 8. d3 Na6 9. h3 Be6 10. b3 Qd7 11. Kh2 d5 12. Ba3 Rfe8 13. Qc2 Rac8 14. Rac1 d4 15. Nb1 b5 16. cxb5 cxb5 17. Qd2 Qb7 18. Bd6 Nd7 19. f4 f6 20. g4 Qb6 21. Rxc8 Rxc8 22. fxe5 fxe5 23. Be7 b4 24. Rc1 Re8 25. Bg5 Nac5 26. Qc2 Qb5 27. Rd1 a5 28. Nc1 Nb6 29. Nd2 a4 30. Nc4 Nxc4 31. dxc4 Qc6 32. Nd3 axb3 33. axb3 Nxd3 1/2-1/2

[Event "Shropshire Open"]
[Site "Telford"]
[Date "2025.01.04"]
[Round "2.4"]
[White "Morrison, Joseph"]
[Black "McCumiskey, Andrew P"]
[Result "0-1"]
[WhiteElo "1865"]
[BlackElo "2130"]
[PlyCount "84"]
[EventDate "2025.01.03"]
[EventType "swiss"]
[EventRounds "5"]
[EventCountry "ENG"]
[SourceTitle "BritBase"]
[Source "John Saunders"]
[SourceDate "2025.01.09"]
[SourceVersion "1"]
[SourceVersionDate "2025.01.09"]
[SourceQuality "1"]

1. c4 g6 2. d4 d6 3. Nc3 Bg7 4. e4 Nc6 5. d5 Nd4 6. Be3 c5 7. Qd2 Qa5 8. Rb1 a6 9. f3 f5 10. Nge2 Nxe2 11. Bxe2 Nf6 12. O-O O-O 13. Bh6 Bd7 14. Bxg7 Kxg7 15. Bd3 fxe4 16. fxe4 b5 17. b3 Ng4 18. h3 Ne5 19. Be2 Rf6 20. Rb2 Raf8 21. Rxf6 Rxf6 22. Nb1 Qd8 23. Qe3 Qf8 24. Nd2 b4 25. Rb1 a5 26. Kh2 Rf2 27. Rf1 Rxf1 28. Bxf1 a4 29. Nf3 Qf6 30. Be2 h6 31. Bd1 a3 32. Nxe5 Qxe5+ 33. Kh1 Qb2 34. Qe2 Qxe2 35. Bxe2 Kf6 36. Kg1 Ke5 37. Bf3 Kd4 38. Kf2 Kc3 39. Ke2 Kb2 40. Kd2 Kxa2 41. Kc2 Ba4 42. bxa4 b3+ 0-1

[Event "Shropshire Open"]
[Site "Telford"]
[Date "2025.01.04"]
[Round "2.5"]
[White "Gunarathne, Senith"]
[Black "Okhai, Shabir"]
[Result "1/2-1/2"]
[WhiteElo "1932"]
[BlackElo "2212"]
[PlyCount "48"]
[EventDate "2025.01.03"]
[EventType "swiss"]
[EventRounds "5"]
[EventCountry "ENG"]
[SourceTitle "BritBase"]
[Source "John Saunders"]
[SourceDate "2025.01.09"]
[SourceVersion "1"]
[SourceVersionDate "2025.01.09"]
[SourceQuality "1"]

1. e4 e5 2. Nf3 Nc6 3. Bc4 Bc5 4. d3 d6 5. Nc3 Nf6 6. Bg5 h6 7. Bxf6 Qxf6 8. Nd5 Qd8 9. c3 a6 10. d4 Ba7 11. dxe5 Nxe5 12. Nxe5 dxe5 13. Qf3 O-O 14. Rd1 c6 15. Ne3 Qg5 16. O-O g6 17. Bb3 Kg7 18. Qe2 Qf4 19. h3 Qxe4 20. g3 Bxe3 21. Bc2 Bxf2+ 22. Qxf2 Qc4 23. Bb3 Qe4 24. Bc2 Qc4 1/2-1/2

[Event "Shropshire Open"]
[Site "Telford"]
[Date "2025.01.04"]
[Round "2.6"]
[White "Kett, Timothy"]
[Black "Burns, Martin J"]
[Result "1-0"]
[WhiteElo "2185"]
[BlackElo "1916"]
[PlyCount "45"]
[EventDate "2025.01.03"]
[EventType "swiss"]
[EventRounds "5"]
[EventCountry "ENG"]
[SourceTitle "BritBase"]
[Source "John Saunders"]
[SourceDate "2025.01.09"]
[SourceVersion "1"]
[SourceVersionDate "2025.01.09"]
[SourceQuality "1"]

1. e4 c5 2. Nf3 d6 3. d4 cxd4 4. Nxd4 Nf6 5. Nc3 a6 6. Bc4 e5 7. Nf5 Bxf5 8. exf5 Be7 9. Bg5 Nbd7 10. O-O Rc8 11. Bb3 Nc5 12. Bxf6 Bxf6 13. Qf3 O-O 14. Rad1 Rc6 15. Bd5 Rb6 16. b3 Re8 17. Rfe1 Rb4 18. Bc4 Rb6 19. a3 Qc8 20. Nd5 Rc6 21. Nxf6+ gxf6 22. Qh5 Qd7 23. Re3 1-0

[Event "Shropshire Open"]
[Site "Telford"]
[Date "2025.01.04"]
[Round "2.7"]
[White "Attwell, Ben"]
[Black "Evans, Paul A"]
[Result "1/2-1/2"]
[WhiteElo "1876"]
[BlackElo "2052"]
[PlyCount "47"]
[EventDate "2025.01.03"]
[EventType "swiss"]
[EventRounds "5"]
[EventCountry "ENG"]
[SourceTitle "BritBase"]
[Source "John Saunders"]
[SourceDate "2025.01.09"]
[SourceVersion "1"]
[SourceVersionDate "2025.01.09"]
[SourceQuality "1"]

1. e4 g6 2. d4 d5 3. exd5 Qxd5 4. Nc3 Qd8 5. Nf3 Bg7 6. h3 c5 7. Be3 cxd4 8. Nxd4 Nf6 9. Ndb5 Qxd1+ 10. Rxd1 Na6 11. Bxa7 O-O 12. a3 Bd7 13. Bb6 Bc6 14. f3 Nh5 15. Bd4 e5 16. Bf2 Nf4 17. Nd6 Nc7 18. Be3 Ncd5 19. Nxd5 Nxd5 20. Bc1 Rad8 21. Ne4 f5 22. Nc5 Rfe8 23. Bc4 Bf8 24. b4 1/2-1/2

[Event "Shropshire Open"]
[Site "Telford"]
[Date "2025.01.04"]
[Round "2.8"]
[White "Gilmore, Simon N"]
[Black "Layhe, Simon"]
[Result "1/2-1/2"]
[WhiteElo "2049"]
[BlackElo "1869"]
[PlyCount "102"]
[EventDate "2025.01.03"]
[EventType "swiss"]
[EventRounds "5"]
[EventCountry "ENG"]
[SourceTitle "BritBase"]
[Source "John Saunders"]
[SourceDate "2025.01.09"]
[SourceVersion "1"]
[SourceVersionDate "2025.01.09"]
[SourceQuality "1"]

1. e4 c6 2. d4 d5 3. Nc3 dxe4 4. Nxe4 Nf6 5. Qd3 Nxe4 6. Qxe4 Qd5 7. Bd3 Qxe4+ 8. Bxe4 Nd7 9. Nf3 Nf6 10. Bd3 e6 11. O-O Be7 12. Bg5 Bd7 13. Ne5 h6 14. Bh4 Rd8 15. c3 O-O 16. Rfe1 Bc8 17. Rad1 g5 18. Bg3 Nh5 19. f3 Nxg3 20. hxg3 c5 21. dxc5 Bxc5+ 22. Kf1 Kg7 23. Be4 f6 24. Nc4 b6 25. Bd3 Ba6 26. b3 e5 27. Nxe5 fxe5 28. Bxa6 Rxd1 29. Rxd1 g4 30. Ke2 Rf7 31. Bc8 gxf3+ 32. gxf3 a5 33. Be6 Re7 34. Bf5 Kf6 35. g4 h5 36. Rh1 hxg4 37. fxg4 e4 38. Rh6+ Kg5 39. Rg6+ Kf4 40. Rf6 Kg5 41. Rc6 Kf4 42. b4 axb4 43. cxb4 Bg1 44. Rc4 b5 45. Rc1 Bd4 46. Rd1 Bc3 47. Rd5 Re5 48. Rxe5 Kxe5 49. Bd7 Bxb4 50. Bxb5 Kf4 51. Bd7 Ba5 1/2-1/2

[Event "Shropshire Open"]
[Site "Telford"]
[Date "2025.01.04"]
[Round "2.9"]
[White "Smith, David"]
[Black "Clark, Robert G"]
[Result "0-1"]
[WhiteElo "1860"]
[BlackElo "2042"]
[PlyCount "48"]
[EventDate "2025.01.03"]
[EventType "swiss"]
[EventRounds "5"]
[EventCountry "ENG"]
[SourceTitle "BritBase"]
[Source "John Saunders"]
[SourceDate "2025.01.09"]
[SourceVersion "1"]
[SourceVersionDate "2025.01.09"]
[SourceQuality "1"]

1. d4 Nf6 2. e3 c5 3. f4 g6 4. Nf3 Bg7 5. c3 b6 6. Bd3 Bb7 7. O-O Be4 8. Qc2 d5 9. Nbd2 Bxd3 10. Qxd3 O-O 11. Ne5 e6 12. Rf3 Qc7 13. Rh3 Nc6 14. a3 Rad8 15. Ndf3 Ne4 16. Bd2 Nxe5 17. Nxe5 f6 18. Nf3 e5 19. fxe5 fxe5 20. Rf1 exd4 21. exd4 cxd4 22. Nxd4 Rxf1+ 23. Kxf1 Rf8+ 24. Nf3 Qc4 0-1

[Event "Shropshire Open"]
[Site "Telford"]
[Date "2025.01.04"]
[Round "2.10"]
[White "Doran, Chris"]
[Black "Shivakumar, Akshath"]
[Result "0-1"]
[WhiteElo "2029"]
[BlackElo "1745"]
[PlyCount "104"]
[EventDate "2025.01.03"]
[EventType "swiss"]
[EventRounds "5"]
[EventCountry "ENG"]
[SourceTitle "BritBase"]
[Source "John Saunders"]
[SourceDate "2025.01.09"]
[SourceVersion "1"]
[SourceVersionDate "2025.01.09"]
[SourceQuality "1"]

1. e4 e6 2. d4 d5 3. Nd2 Nf6 4. e5 Nfd7 5. Bd3 c5 6. c3 Nc6 7. Ne2 cxd4 8. cxd4 f6 9. exf6 Nxf6 10. O-O Bd6 11. Nf3 Qc7 12. g3 O-O 13. Bf4 e5 14. dxe5 Nxe5 15. Nxe5 Bxe5 16. Rc1 Qd6 17. Bxe5 Qxe5 18. Nc3 Ne4 19. Nxd5 Ng5 20. f4 Nh3+ 21. Kg2 Qxd5+ 22. Rf3 Qh5 23. Bc4+ Kh8 24. Qd5 Qxd5 25. Bxd5 Bg4 26. Rfc3 Rad8 27. Rd3 Rxf4 28. Be6 Rf2+ 29. Kh1 Bf3+ 30. Rxf3 Rxf3 31. Bxh3 Rf7 32. Rc2 g6 33. Kg2 Kg7 34. Bg4 h5 35. Bf3 Rdf8 36. Bd5 Re7 37. b4 Rfe8 38. Kf3 Re3+ 39. Kf2 R3e7 40. Kf3 Kf6 41. a4 g5 42. h3 Rd8 43. Rc5 Rdd7 44. Be4 Re5 45. Rc4 Rde7 46. b5 Rf7 47. Ke3 Rfe7 48. Kf3 b6 49. Rc6+ R7e6 50. Rc4 Rc5 51. Rd4 Rc3+ 52. Bd3 Ke5 0-1

[Event "Shropshire Open"]
[Site "Telford"]
[Date "2025.01.04"]
[Round "2.11"]
[White "Sullivan, Luke"]
[Black "Zabrocki, Philip AM"]
[Result "0-1"]
[WhiteElo "1675"]
[BlackElo "1980"]
[PlyCount "127"]
[EventDate "2025.01.03"]
[EventType "swiss"]
[EventRounds "5"]
[EventCountry "ENG"]
[SourceTitle "BritBase"]
[Source "John Saunders"]
[SourceDate "2025.01.09"]
[SourceVersion "1"]
[SourceVersionDate "2025.01.09"]
[SourceQuality "1"]

1. d4 Nf6 2. Nf3 g6 3. Bf4 Bg7 4. e3 O-O 5. Bd3 d6 6. h3 Nbd7 7. O-O Re8 8. e4 e5 9. dxe5 dxe5 10. Bg5 h6 11. Bxf6 Nxf6 12. Nc3 c6 13. Re1 Nh5 14. Bf1 Nf4 15. Qxd8 Rxd8 16. Ne2 Be6 17. a3 Rd7 18. Rad1 Rad8 19. Nc3 g5 20. Rxd7 Rxd7 21. Rd1 Rxd1 22. Nxd1 f6 23. Ne3 b5 24. Kh2 h5 25. g3 Ng6 26. Ne1 h4 27. g4 Bf8 28. Nd3 c5 29. Ne1 c4 30. Nd1 Bc5 31. Kg1 Nf4 32. Nf3 a6 33. Nc3 Kf8 34. Ne2 Ng6 35. Nd2 Ke7 36. c3 Kd6 37. Bg2 Bd7 38. Kf1 Bc6 39. a4 Bb6 40. axb5 axb5 41. b4 cxb3 42. Nxb3 Bb7 43. Ke1 Bc5 44. f3 Ba6 45. Nxc5 Kxc5 46. Bf1 b4 47. cxb4+ Kxb4 48. Kd2 Kc5 49. Ke3 Nf4 50. Nxf4 exf4+ 51. Kf2 Bxf1 52. Kxf1 Kd4 53. Ke2 Kc3 54. Ke1 Kd3 55. Kf2 Kd2 56. Kf1 Ke3 57. Kg2 Ke2 58. Kg1 Kxf3 59. Kh2 Kxe4 60. Kg2 f3+ 61. Kf2 Kf4 62. Kg1 Kg3 63. Kh1 Kxh3 64. Kg1 0-1

[Event "Shropshire Open"]
[Site "Telford"]
[Date "2025.01.04"]
[Round "2.12"]
[White "Hollands, David"]
[Black "Pink, Joshua"]
[Result "1-0"]
[WhiteElo "1901"]
[BlackElo "2081"]
[PlyCount "108"]
[EventDate "2025.01.03"]
[EventType "swiss"]
[EventRounds "5"]
[EventCountry "ENG"]
[SourceTitle "BritBase"]
[Source "John Saunders"]
[SourceDate "2025.01.09"]
[SourceVersion "1"]
[SourceVersionDate "2025.01.09"]
[SourceQuality "1"]

1. Nf3 c5 2. g3 d5 3. Bg2 Nc6 4. d4 Nf6 5. O-O e6 6. c3 Be7 7. Nbd2 O-O 8. Re1 cxd4 9. cxd4 Qb6 10. Nb3 a5 11. a4 Bb4 12. Rf1 Bd6 13. Bf4 Nb4 14. Bxd6 Qxd6 15. Ne5 Nd7 16. f4 f6 17. Nxd7 Bxd7 18. Nc5 b6 19. Nxd7 Qxd7 20. Qb3 Rac8 21. Rfc1 Rxc1+ 22. Rxc1 Rc8 23. Rc3 Rc6 24. e3 f5 25. Bf1 Qc7 26. Bb5 Rxc3 27. bxc3 Nc6 28. Kf2 Na7 29. Bd3 Kf7 30. h3 Nc8 31. g4 g6 32. c4 dxc4 33. Qxc4 Qxc4 34. Bxc4 Nd6 35. Bd3 Ke7 36. Kf3 b5 37. axb5 a4 38. b6 a3 39. Bb1 Kd7 40. Ba2 Nb7 41. gxf5 exf5 42. e4 Kc6 43. d5+ Kxb6 44. e5 Kc5 45. Ke3 h6 46. h4 Nd8 47. Kd3 Nf7 48. d6 Nxd6 49. exd6 Kxd6 50. Kd4 g5 51. fxg5 hxg5 52. hxg5 f4 53. Ke4 f3 54. Kxf3 Ke5 1-0